000 00392nam a2200133Ia 4500
005 20260328101531.0
008 260328s9999||||xx |||||||||||||| ||und||
100 _aPatiño Santa, Luis Fernando
245 0 _aLa silla en primer Plano :
_b un objeto por descubrir. /
_cLuis Fernando Patiño Santa
260 _bUniversidad EAFIT
300 _a173 p.
650 _aDISEÑO INDUSTRIAL
942 _cBK
999 _c9982
_d9982